| 000 | | | 03598nmc2a2200000 x 450 |
| 001 | | | 9c166e06-6239-4d9b-a54a-9a0c1bb89170 |
| 005 | | | 20151214181321.0 |
| 100 | ## | $a | 20150623l18301831k l0rusy0189 ca |
| 101 | 0# | $a | rus |
| 102 | ## | $a | RU |
| 200 | 1# | $a | Дело по прошению члена Главного правления училищ Эммануила Адеркаса о вознаграждении его за понесенные издержки при откомандировании в город Нежин |
| | $j | 26 июня 1830 г. - 22 февраля 1831 г. |
| 251 | ## | $c | Дело |
| 300 | ## | $a | Дело |
| 801 | #0 | $a | RU |
| | $b | РГИА |
| | $c | 20150623 |
| | $g | RCR |
| 801 | #1 | $a | RU |
| | $b | ГлавНИВЦ |
| | $c | 20150623 |
| | $2 | rusmarc |
| 801 | #2 | $a | RU |
| | $b | ПБ им. Б.Н. Ельцина |
| | $c | 20151214 |
| | $g | RCR |
| | $2 | rusmarc |
| 850 | ## | $a | РГИА |
| 852 | ## | $a | РГИА |
| | $e | Федеральное казенное учреждение "Российский государственный исторический архив" (РГИА) |
| | $j | 52 |
| 937 | ## | $h | РГИА |
| | $d | 12157671 |
| | $a | ASBIBLIO_SCAN |
| 462 | #0 | $1 | 001a9ac5b77-7eae-4409-9631-6ef4f0107d3e |
| | $1 | 2001 |
| | $a | Дела Департамента народного просвещения по Нежинской гимназии |
| | $1 | 251 |
| | $c | Опись |
| | $1 | 852 |
| | $j | 94 |
| 461 | #0 | $1 | 001a74412a3-3cc5-4d21-8f0a-dfe2fbd9e72d |
| | $1 | 2001 |
| | $a | Департамент народного просвещения Министерства народного просвещения |
| | $1 | 251 |
| | $c | Фонд |
| | $1 | 852 |
| | $j | 733 |
| 215 | ## | $a | 14 л. |
| | $d | 36,5х26 см |
| 371 | ## | $a | Документ не является опубликованным и широко распространяемым |
| 105 | ## | $a | у### |
| 122 | 2# | $a | d |
| 035 | ## | $a | 9c166e06-6239-4d9b-a54a-9a0c1bb89170 |